000 00655nam a2200241Ia 4500
003 OSt
005 20220924122515.0
006 a|||||r|||| 00| 0
007 ta
008 220923b |||||||| |||| 00| 0 san d
024 _a247851
037 _cTextual
040 _aARTS
_cARTS
_bsan
041 _2san
_asan
082 _aO15,1A2, 111M3.2-3
100 _aBuitenen J.A.B.Van
_982997
245 0 _aMahabharata
260 _aLondon
_buniversity of chincago Press India
300 _a864p.
_ccm.
650 _aSANSKRIT LITERATURE
942 _hO15,1A2, 111M3.2-3
_cTEXL
_2CC
999 _c411890
_d411890